00295nam a2200121Ia 4500008004100000082001700041100001700058245002500075250001200100260003600112300000900148650001600157191201s2005 xx 000 0 und d a621.313bBIE aBIMBHRA, P S 0aElectrical Machinery a4th Rep aN.DelhibKhanna Publisherc2005 a1060 aB.Tech(ECE)